00615nam a2200157 a 450000100100000000500170001000800410002704000250006808200150009311001140010824500750022226000950029730000210039249000220041383000220043500003254020200930065708.0110719s1982 dr 000 0 spa d aDO-SdBNPbspacBNPHU axxxxbS4712 aSeminario Viviendas Prefabricadas de Bajo Costo en República Dominicanad(1981, 2-5 de dic.cSanto Domingo)00aSeminario :bviviendas prefabricadas de bajo costo en Rep. Dominicana. aSanto Domingo :bOrgano de Difusión del Instituto Nacional de la Vivienda (INVI),c1982. a393 p. ;c22 cm.1 aInviviendavno. 4 0aInviviendavno. 4